| 000 | 00630nam a2200205Ia 4500 | ||
|---|---|---|---|
| 003 | GCL | ||
| 008 | 140319s9999 xx 000 0 eng d | ||
| 040 |
_aGCL / _cGCL |
||
| 082 | 0 | 4 |
_a615.902 _bW I |
| 100 | 1 | _aWILLIAMS, PHILIP L | |
| 245 | 1 | 0 |
_aINDUSTRIAL TOXICOLOGY: SAFETY AND HEALTH APPLICATIONS IN THE WORK PLACE / _cWILLIAMS, PHILIP L |
| 700 | 1 | _aBURSON, JAMES L | |
| 260 |
_a[S.N] : _bVAN NOSTRAND REINHOLD ، _c1985 |
||
| 300 | _a502 P | ||
| 650 | 0 | 4 | _aINDUSTRIAL TOXICOLOGY |
| 650 | 0 | 4 | _aPOISONS - SAFETY MEASURES |
| 650 | 0 | 4 | _aDISEASES - CHEMICALLY INDUCED |
| 650 | 0 | 4 | _aENVIRONMENTAL POLLUTANTS |
| 942 |
_2ddc _cBK |
||
| 999 |
_c14004 _d14004 |
||